[Event "Kreis-Mitte-EM"]
[Site "Zirndorf"]
[Date "2013.01.04"]
[Round "3.17"]
[White "Gottlieb, Michael"]
[Black "Mantel, Ruben"]
[Result "0-1"]
[WhiteElo "1522"]
[BlackElo "1640"]
[PlyCount "64"]
[EventDate "2013.??.??"]
[WhiteTeam "Postbauer-Heng SC"]
[BlackTeam "Nürnberg Zabo Spvg"]

1. e4 c5 2. d4 cxd4 3. c3 Nc6 4. Nf3 g6 5. cxd4 Bg7 6. d5 Ne5 7. Nxe5 Bxe5 8.
f4 Bg7 9. d6 exd6 10. Qxd6 Ne7 11. Nd2 O-O 12. Rb1 b6 13. b3 Bb7 14. Bb2 Bxb2
15. Rxb2 Rc8 16. Be2 Rc1+ 17. Bd1 Rc6 18. Qd3 d5 19. e5 Qc8 20. Rc2 Rd8 21. Nf3
Ba6 22. Qd2 Rxc2 23. Bxc2 Qc7 24. Nd4 Rc8 25. Bd1 Nc6 26. Bg4 Nxd4 27. Bxc8
Qxc8 28. Qxd4 Qc1+ 29. Kf2 Qxh1 30. Qxd5 Qf1+ 31. Ke3 Qe2+ 32. Kd4 Qd3# 0-1

[Event "Kreis-Mitte-EM"]
[Site "Zirndorf"]
[Date "2013.01.04"]
[Round "3.18"]
[White "Babichev, Vyacheslav"]
[Black "Belich, Max"]
[Result "1-0"]
[WhiteElo "1682"]
[BlackElo "1534"]
[PlyCount "69"]
[EventDate "2013.??.??"]
[WhiteTeam "Nürnberg Süd SW"]
[BlackTeam "Nürnberg Süd SW"]

1. b3 b6 2. Bb2 Bb7 3. Nf3 Nf6 4. e3 Nc6 5. Be2 e6 6. O-O d5 7. d3 Bd6 8. Nbd2
Qe7 9. a3 O-O 10. b4 a6 11. c4 Na7 12. Qc2 c5 13. bxc5 bxc5 14. Rfb1 e5 15. Bf1
d4 16. e4 Bc6 17. a4 Nd7 18. a5 f5 19. exf5 Rxf5 20. Ne4 Qe6 21. Bc1 h6 22. Qe2
Raf8 23. Nfd2 Be7 24. f3 Qg6 25. Kh1 Nc8 26. Ng3 Rf4 27. Nde4 Bxe4 28. Bxf4
Rxf4 29. Nxe4 Nd6 30. g3 Rf8 31. Bh3 Nb8 32. Nxc5 Qh5 33. Bg4 Qg6 34. Ne6 Re8
35. Rb6 1-0

[Event "Kreis-Mitte-EM"]
[Site "Zirndorf"]
[Date "2013.01.04"]
[Round "3.19"]
[White "Berg, Winfried"]
[Black "Mantel, Hubert"]
[Result "1-0"]
[WhiteElo "1614"]
[BlackElo "1628"]
[PlyCount "83"]
[EventDate "2013.??.??"]
[WhiteTeam "Nürnberg Süd SW"]
[BlackTeam "Nürnberg Zabo Spvg"]

1. e4 e5 2. Nf3 Nc6 3. Bb5 a6 4. Ba4 Nf6 5. O-O d6 6. d4 b5 7. Bb3 Bg4 8. c3
exd4 9. cxd4 Bxf3 10. gxf3 Be7 11. Nc3 O-O 12. Nd5 Na5 13. Bc2 Nxd5 14. exd5
Nc4 15. Qd3 g6 16. f4 f5 17. Re1 Bf6 18. Bd2 Nxb2 19. Qg3 Bxd4 20. Re6 Nd3 21.
Rxg6+ hxg6 22. Qxg6+ Bg7 23. Bxd3 Qf6 24. Qxf6 Bxf6 25. Rc1 Bd8 26. Rc6 Kg7 27.
Kg2 Kg6 28. Rc1 Kf6 29. h4 Kg6 30. Kh3 Rh8 31. Rg1+ Kf7 32. Bxf5 Bxh4 33. Be6+
Ke7 34. Rg7+ Ke8 35. Kg4 Be7 36. f5 Ra7 37. Bg5 Bxg5 38. Kxg5 Kf8 39. f6 Ra8
40. Kg6 Re8 41. Rf7+ Kg8 42. Rh7+ 1-0

[Event "Kreis-Mitte-EM"]
[Site "Zirndorf"]
[Date "2013.01.05"]
[Round "4.2"]
[White "Fiedler, Wolfgang"]
[Black "Saathoff, Richard"]
[Result "1/2-1/2"]
[WhiteElo "1902"]
[BlackElo "2102"]
[PlyCount "35"]
[EventDate "2013.??.??"]
[WhiteTeam "Zirndorf SK"]
[BlackTeam "Nürnberg Süd SW"]

1. f4 e5 2. fxe5 d6 3. exd6 Bxd6 4. Nf3 g5 5. g3 g4 6. Nh4 Ne7 7. d4 Ng6 8. Ng2
Nc6 9. c3 Qe7 10. Qd3 h5 11. Rg1 h4 12. Nd2 Rh5 13. Ne4 Bf5 14. Nxd6+ cxd6 15.
Qe3 Be6 16. Nf4 Nxf4 17. Qxf4 O-O-O 18. Bg2 1/2-1/2

[Event "Kreis-Mitte-EM"]
[Site "Zirndorf"]
[Date "2013.01.05"]
[Round "4.3"]
[White "Zeitler, Hans-Jürgen"]
[Black "Erlbeck, Peter"]
[Result "1/2-1/2"]
[WhiteElo "1834"]
[BlackElo "2030"]
[PlyCount "59"]
[EventDate "2013.??.??"]
[WhiteTeam "Nürnberg 1911 SK"]
[BlackTeam "Nürnberg Süd SW"]

1. d4 f5 2. c4 Nf6 3. Nf3 g6 4. g3 Bg7 5. Bg2 O-O 6. O-O d6 7. Nc3 Qe8 8. d5 c6
9. Nd4 Bd7 10. Bg5 Na6 11. Qd2 Ng4 12. f4 Nc7 13. h3 Nf6 14. Bxf6 Bxf6 15. Rae1
c5 16. Nb3 a5 17. e4 Qc8 18. e5 Bg7 19. a4 b6 20. Nc1 Qd8 21. Nd3 Rb8 22. b3
Bc8 23. e6 Ne8 24. Bf3 Nf6 25. Kg2 h5 26. Nf2 Qe8 27. Rg1 Bb7 28. Kh2 Bh6 29.
Ne2 Kg7 30. h4 1/2-1/2

[Event "Kreis-Mitte-EM"]
[Site "Zirndorf"]
[Date "2013.01.05"]
[Round "4.4"]
[White "Wagner, Hans"]
[Black "Leis, Stefan"]
[Result "1-0"]
[WhiteElo "2101"]
[BlackElo "1849"]
[PlyCount "81"]
[EventDate "2013.??.??"]
[WhiteTeam "Stein 1998 SC"]
[BlackTeam "Mühlhof-Rdf. SC"]

1. e4 c5 2. Nf3 d6 3. d4 cxd4 4. Nxd4 Nf6 5. Nc3 g6 6. Be2 Bg7 7. O-O Nc6 8.
Bg5 O-O 9. Nb3 Be6 10. f4 Rc8 11. Kh1 Re8 12. Bf3 Bc4 13. Rf2 b5 14. Rd2 Qc7
15. Qe1 b4 16. Nd1 Nd7 17. Bg4 Rcd8 18. Bxd7 Rxd7 19. Qh4 a5 20. Ne3 Be6 21. f5
Bxb3 22. cxb3 Ne5 23. Nd5 Qc5 24. f6 e6 25. Ne7+ Rdxe7 26. fxe7 Nd7 27. Rad1 f6
28. Bh6 Rxe7 29. Bxg7 Kxg7 30. Rxd6 Ne5 31. h3 Nf7 32. R6d4 Qc2 33. Rf1 g5 34.
Qf2 Qxf2 35. Rxf2 Ra7 36. Rc2 Ne5 37. Rc8 g4 38. hxg4 Nxg4 39. Kg1 a4 40. bxa4
Rxa4 41. a3 1-0

[Event "Kreis-Mitte-EM"]
[Site "Zirndorf"]
[Date "2013.01.05"]
[Round "4.5"]
[White "Ulusoy, Tolga"]
[Black "Siegl, Melina"]
[Result "0-1"]
[WhiteElo "2021"]
[BlackElo "1740"]
[PlyCount "48"]
[EventDate "2013.??.??"]
[WhiteTeam "Nürnberg Noris-Tarr. SC"]
[BlackTeam "Nürnberg Süd SW"]

1. e4 c5 2. c3 g6 3. d4 cxd4 4. cxd4 d5 5. e5 Nc6 6. Nc3 a6 7. Be3 Nh6 8. Qb3
Nf5 9. Nf3 Nxe3 10. fxe3 Bh6 11. Kf2 Be6 12. Bd3 b5 13. Rhe1 O-O 14. a4 b4 15.
Ne2 Na5 16. Qxb4 Rb8 17. Qc3 Rb3 18. Qd2 Nc4 19. Qd1 Bxe3+ 20. Kf1 Nd2+ 21.
Nxd2 Rxd3 22. Ra3 Rxd2 23. Qb3 Bh6 24. Rd1 Rxe2 0-1

[Event "Kreis-Mitte-EM"]
[Site "Zirndorf"]
[Date "2013.01.05"]
[Round "4.6"]
[White "Mantel, Hans"]
[Black "Klein, Waldemar"]
[Result "0-1"]
[WhiteElo "1376"]
[BlackElo "1927"]
[PlyCount "76"]
[EventDate "2013.??.??"]
[WhiteTeam "Nürnberg Zabo Spvg"]
[BlackTeam "Nürnberg Süd SW"]

1. e4 d5 2. exd5 Qxd5 3. Nc3 Qa5 4. Nf3 Nf6 5. Bc4 Bg4 6. d3 c6 7. a3 e6 8. Bd2
Qh5 9. Ne4 Bxf3 10. Qxf3 Qxf3 11. gxf3 Nd5 12. Bxd5 cxd5 13. Nc3 Nc6 14. Bf4
Nd4 15. O-O-O Nxf3 16. Nb5 Kd7 17. Be3 a6 18. Nd4 Nxd4 19. Bxd4 Rg8 20. Rhg1 g6
21. Rg3 Bd6 22. Rh3 h5 23. Rh1 e5 24. Be3 f5 25. c3 f4 26. Bd2 Ke6 27. Rf3 Kf5
28. h4 e4 29. dxe4+ dxe4 30. Rfh3 Rac8 31. Rg1 Be7 32. Kb1 Rgd8 33. Bc1 Rc6 34.
Re1 Rcd6 35. Rhh1 Rd3 36. Re2 Rd1 37. Rxd1 Rxd1 38. Kc2 Rd7 0-1

[Event "Kreis-Mitte-EM"]
[Site "Zirndorf"]
[Date "2013.01.05"]
[Round "4.7"]
[White "Süß, Stefan"]
[Black "Rummel, Gerald"]
[Result "0-1"]
[WhiteElo "1867"]
[BlackElo "1787"]
[PlyCount "80"]
[EventDate "2013.??.??"]
[WhiteTeam "Nürnberg Noris-Tarr. SC"]
[BlackTeam "Nürnberg Anderssen SC"]

1. Nf3 Nf6 2. g3 d5 3. d4 g6 4. Bg2 Bg7 5. O-O O-O 6. Nbd2 c6 7. b3 a5 8. a4
Ne4 9. Bb2 Nxd2 10. Qxd2 Nd7 11. c4 Nf6 12. Rfd1 Bf5 13. Nh4 Bg4 14. f3 Be6 15.
c5 h6 16. Bf1 b6 17. b4 axb4 18. Qxb4 Nd7 19. cxb6 Qxb6 20. Qd2 c5 21. e3 c4
22. Bc3 Rfb8 23. a5 Qa7 24. Kh1 Rb3 25. Rdb1 Rab8 26. Rxb3 Rxb3 27. Be2 g5 28.
Ng2 Bf5 29. Bd1 Rb8 30. Ne1 e5 31. Bc2 exd4 32. exd4 Bxc2 33. Nxc2 Rb3 34. Nb4
Qa8 35. Kg2 g4 36. a6 gxf3+ 37. Kf2 Nf6 38. Qf4 Ne4+ 39. Kf1 Nxc3 40. a7 Rxb4
0-1

[Event "Kreis-Mitte-EM"]
[Site "Zirndorf"]
[Date "2013.01.05"]
[Round "4.8"]
[White "Lais, Thomas"]
[Black "Weißmann, Peter"]
[Result "1-0"]
[WhiteElo "1910"]
[BlackElo "1750"]
[PlyCount "29"]
[EventDate "2013.??.??"]
[WhiteTeam "Nürnberg Süd SW"]
[BlackTeam "Zirndorf SK"]

1. e4 e5 2. Nf3 f5 3. Nxe5 Qf6 4. d4 d6 5. Nc4 fxe4 6. Nc3 c6 7. Nxe4 Qe6 8.
Qe2 Kd7 9. Nc3 Qg6 10. Ne3 Nf6 11. Bd2 Be7 12. O-O-O b5 13. Nxb5 cxb5 14. Qxb5+
Ke6 15. Bc4+ 1-0

[Event "Kreis-Mitte-EM"]
[Site "Zirndorf"]
[Date "2013.01.05"]
[Round "4.11"]
[White "Knab, Reinhard"]
[Black "Dreiseitel, Ursula"]
[Result "1-0"]
[WhiteElo "1827"]
[BlackElo "1310"]
[PlyCount "103"]
[EventDate "2013.??.??"]
[WhiteTeam "Nürnberg Zabo Spvg"]
[BlackTeam "Nürnberg Noris-Tarr. SC"]

1. Nc3 Nf6 2. g4 h6 3. e4 d6 4. h3 Nc6 5. Bg2 Bd7 6. d3 g5 7. f4 gxf4 8. Bxf4
e5 9. Be3 Qe7 10. Qf3 Bg7 11. Nge2 O-O-O 12. O-O-O Rhf8 13. Rdf1 Kb8 14. Kb1
Bc8 15. Bxh6 Bxh6 16. Qxf6 Bg5 17. Qxe7 Nxe7 18. Rf3 Ng6 19. Nd1 Nh4 20. Rf2
Be6 21. Ng3 Rh8 22. Nf5 Nxg2 23. Rxg2 Rh7 24. Nf2 Rdh8 25. b3 d5 26. Kb2 dxe4
27. Nxe4 f6 28. h4 Bxh4 29. Nxh4 Rxh4 30. Rxh4 Rxh4 31. Nxf6 Kc8 32. g5 Kd8 33.
Kc3 Ke7 34. Rf2 Bf7 35. Kd2 Rh3 36. a3 Rg3 37. Ne4 Rg4 38. Rf5 Bg6 39. Rxe5+
Kd8 40. Nf6 Rg2+ 41. Kc3 c6 42. a4 Rg3 43. b4 Rg2 44. b5 Rg1 45. bxc6 bxc6 46.
Kc4 Ra1 47. Ra5 Rg1 48. c3 Rg3 49. Ne4 Rg4 50. Kd4 Be8 51. Rxa7 Bg6 52. Rg7 1-0

[Event "Kreis-Mitte-EM"]
[Site "Zirndorf"]
[Date "2013.01.05"]
[Round "4.12"]
[White "Meulner, Fabian"]
[Black "Drees, Martin"]
[Result "1-0"]
[WhiteElo "1753"]
[BlackElo "1629"]
[PlyCount "121"]
[EventDate "2013.??.??"]
[WhiteTeam "Nürnberg Süd SW"]
[BlackTeam "Cadolzburg TSV"]

1. c4 e5 2. g3 Nf6 3. Bg2 d5 4. cxd5 Nxd5 5. Nf3 Nc6 6. O-O Bd6 7. Nc3 Nxc3 8.
bxc3 Bg4 9. Rb1 Rb8 10. Qa4 Qd7 11. Ng5 O-O 12. f3 Bc5+ 13. Kh1 Be6 14. Nxe6
Qxe6 15. Qb3 Qxb3 16. Rxb3 Na5 17. Rb5 b6 18. e3 Rbd8 19. d4 exd4 20. cxd4 a6
21. Rxa5 bxa5 22. dxc5 Rd5 23. c6 Rfd8 24. Kg1 Rd1 25. e4 R8d6 26. Bf4 Rxf1+
27. Bxf1 Rxc6 28. a4 f6 29. Kg2 g5 30. Be3 Rc2+ 31. Kg1 Rc3 32. Kf2 Rc2+ 33.
Ke1 Rxh2 34. Bxa6 h5 35. e5 fxe5 36. Bxg5 Kg7 37. Be2 Rh1+ 38. Kd2 Ra1 39. Bb5
Ra3 40. Ke2 e4 41. fxe4 Rxg3 42. Bf4 Rg2+ 43. Kf3 Rc2 44. e5 c6 45. Bd3 Ra2 46.
Ke4 Rxa4+ 47. Kf5 Rd4 48. Be4 Rc4 49. Bg5 Rc5 50. Ke6 a4 51. Bf6+ Kg8 52. Kd6
Ra5 53. e6 Ra6 54. Bd3 Ra8 55. e7 Kf7 56. Bd4 Rb8 57. Bc4+ Ke8 58. Be2 Rb5 59.
Bf3 Rg5 60. Bxc6+ Kf7 61. e8=Q# 1-0

[Event "Kreis-Mitte-EM"]
[Site "Zirndorf"]
[Date "2013.01.05"]
[Round "4.14"]
[White "Schanz, Karlheinz"]
[Black "Ratscheu, Stefan"]
[Result "1-0"]
[WhiteElo "1721"]
[BlackElo "1539"]
[PlyCount "77"]
[EventDate "2013.??.??"]
[WhiteTeam "Mühlhof-Rdf. SC"]
[BlackTeam "Postbauer-Heng SC"]

1. e4 e5 2. Bc4 Nf6 3. d3 Nc6 4. a3 Be7 5. Nc3 d6 6. Nge2 Be6 7. Nd5 Na5 8. Ba2
Nc6 9. Nxe7 Qxe7 10. c4 O-O 11. Bg5 h6 12. Bh4 g5 13. Bg3 Nd8 14. f3 c5 15. Qd2
Kg7 16. h4 Nh7 17. Bf2 f6 18. hxg5 fxg5 19. Be3 Bf7 20. Ng3 Bg6 21. O-O-O Ne6
22. Rh2 Rh8 23. Rdh1 Nf6 24. Ne2 Nf4 25. Bb3 a6 26. Nc3 Bf7 27. Bc2 b6 28. g3
Ng6 29. Qg2 Be6 30. Bd1 Raf8 31. f4 Bg4 32. fxg5 hxg5 33. Bxg5 Rxh2 34. Rxh2
Bxd1 35. Bh6+ Kf7 36. Bxf8 Qxf8 37. Nxd1 Qg7 38. Qf3 Ke6 39. Qf5+ 1-0

[Event "Kreis-Mitte-EM"]
[Site "Zirndorf"]
[Date "2013.01.05"]
[Round "4.15"]
[White "Pörzgen, Michael"]
[Black "Babichev, Vyacheslav"]
[Result "0-1"]
[WhiteElo "1606"]
[BlackElo "1682"]
[PlyCount "132"]
[EventDate "2013.??.??"]
[WhiteTeam "Nürnberg Süd SW"]
[BlackTeam "Nürnberg Süd SW"]

1. e4 b6 2. g3 Bb7 3. Bg2 Nf6 4. d3 d6 5. Nf3 Nbd7 6. O-O e6 7. Nc3 Be7 8. a4
a5 9. Bd2 O-O 10. Nb5 e5 11. c3 c6 12. Na3 Qc7 13. Nc2 Nc5 14. Be3 Ng4 15. Bxc5
bxc5 16. Nh4 Nh6 17. Qh5 Bc8 18. Ne3 Qb6 19. Nc4 Qb8 20. h3 Be6 21. Rfb1 f6 22.
Ne3 Qc8 23. Nhf5 Nxf5 24. Nxf5 Qd7 25. Nxe7+ Qxe7 26. Qd1 Rfb8 27. b3 Rb6 28.
Rb2 Rab8 29. Rab1 Qb7 30. c4 Qd7 31. Kh2 Rb4 32. Qc2 g5 33. Qe2 Qg7 34. Qd1 Qf7
35. Qe2 h5 36. Bf3 Qd7 37. Bg2 Kg7 38. Qd1 Rh8 39. Qe2 Kg6 40. Rf1 Qb7 41. Rfb1
Rd8 42. Qc2 Qe7 43. Rd1 Kh6 44. Qd2 Kg6 45. Qc2 Rb7 46. Qd2 Qc7 47. Qc2 Qb6 48.
Rc1 f5 49. exf5+ Bxf5 50. Be4 Bxe4 51. dxe4 Rf7 52. Kg2 Rdf8 53. Qd3 Qc7 54.
Rd1 Rf6 55. Qb1 Qf7 56. Qc2 Kg7 57. Rd3 Qg6 58. Rd2 h4 59. g4 Rf4 60. Re2 Qf6
61. Qd2 Rf3 62. Qxa5 Rd3 63. Qe1 Qf3+ 64. Kg1 Qxh3 65. Re3 Qxg4+ 66. Kh2 Rd1
0-1

[Event "Kreis-Mitte-EM"]
[Site "Zirndorf"]
[Date "2013.01.05"]
[Round "4.16"]
[White "Walch, Roger"]
[Black "Weidenhöfer, Robert"]
[Result "1-0"]
[WhiteElo "1668"]
[BlackElo "1469"]
[PlyCount "33"]
[EventDate "2013.??.??"]
[WhiteTeam "Nürnberg Süd SW"]
[BlackTeam "Nürnberg Süd SW"]

1. e4 e5 2. Nc3 Bc5 3. Bc4 Nf6 4. d3 O-O 5. Nge2 Ng4 6. d4 exd4 7. Nxd4 d6 8.
h3 Nxf2 9. Kxf2 Qf6+ 10. Ke2 Qxd4 11. Qxd4 Bxd4 12. Nd5 Bb6 13. Ne7+ Kh8 14.
Rf1 f6 15. Rf4 Nc6 16. Ng6+ hxg6 17. Rh4# 1-0

[Event "Kreis-Mitte-EM"]
[Site "Zirndorf"]
[Date "2013.01.05"]
[Round "4.18"]
[White "Dreiseitel, Werner"]
[Black "Berg, Winfried"]
[Result "0-1"]
[WhiteElo "1521"]
[BlackElo "1614"]
[PlyCount "64"]
[EventDate "2013.??.??"]
[WhiteTeam "Nürnberg Noris-Tarr. SC"]
[BlackTeam "Nürnberg Süd SW"]

1. d4 e6 2. c4 Nf6 3. Nc3 Bb4 4. Qc2 d5 5. a3 Bxc3+ 6. Qxc3 Ne4 7. Qc2 O-O 8.
Nf3 b6 9. Bf4 Nf6 10. h3 Nbd7 11. e3 Bb7 12. Be2 c5 13. O-O Qe7 14. Ne5 Nxe5
15. Bxe5 Nd7 16. Bh2 dxc4 17. Qxc4 Bd5 18. Qa4 a6 19. Qd1 b5 20. dxc5 Nxc5 21.
Rc1 Rfd8 22. Qe1 Rac8 23. Qb4 Qg5 24. Bg3 Ne4 25. Rxc8 Rxc8 26. Bf4 Qf6 27. Bf3
Rc4 28. Qa5 g5 29. Bh2 Rc2 30. Bxe4 Bxe4 31. Qxa6 Bd3 32. Rd1 Qxf2+ 0-1

[Event "Kreis-Mitte-EM"]
[Site "Zirndorf"]
[Date "2013.01.05"]
[Round "4.19"]
[White "Mantel, Hubert"]
[Black "Gottlieb, Michael"]
[Result "1-0"]
[WhiteElo "1628"]
[BlackElo "1522"]
[PlyCount "45"]
[EventDate "2013.??.??"]
[WhiteTeam "Nürnberg Zabo Spvg"]
[BlackTeam "Postbauer-Heng SC"]

1. b4 e5 2. b5 Bc5 3. Bb2 d6 4. e3 Qe7 5. Nf3 c6 6. a4 cxb5 7. axb5 Nf6 8. Be2
O-O 9. O-O Bd7 10. d4 exd4 11. exd4 Bb6 12. Re1 Qd8 13. c4 Re8 14. Qc2 Qc7 15.
Nbd2 Bxb5 16. Bd3 Bd7 17. Ne4 Nxe4 18. Bxe4 h6 19. d5 Ba5 20. Re2 Bg4 21. Bh7+
Kf8 22. Bxg7+ Kxg7 23. Rxe8 1-0

[Event "Kreis-Mitte-EM"]
[Site "Zirndorf"]
[Date "2013.01.05"]
[Round "5.1"]
[White "Saathoff, Richard"]
[Black "Luther, Helmut"]
[Result "1-0"]
[WhiteElo "2102"]
[BlackElo "1922"]
[PlyCount "47"]
[EventDate "2013.??.??"]
[WhiteTeam "Nürnberg Süd SW"]
[BlackTeam "Nürnberg Süd SW"]

1. e4 d5 2. exd5 Qxd5 3. Nc3 Qa5 4. d4 Nf6 5. Bc4 c6 6. Bd2 Bf5 7. Nd5 Qd8 8.
Nxf6+ gxf6 9. Nf3 e6 10. Qe2 Be7 11. O-O-O Nd7 12. Nh4 Bg6 13. Rhe1 Nb6 14.
Bxe6 fxe6 15. Qxe6 Qd7 16. Nxg6 Qxe6 17. Rxe6 hxg6 18. Rde1 Rh7 19. Rxf6 Kd7
20. Rxg6 Rxh2 21. Rg7 Re8 22. f4 Rhh8 23. f5 Rhg8 24. Rexe7+ 1-0

[Event "Kreis-Mitte-EM"]
[Site "Zirndorf"]
[Date "2013.01.05"]
[Round "5.2"]
[White "Herlan, Klaus-Jürgen"]
[Black "Wagner, Hans"]
[Result "0-1"]
[WhiteElo "1878"]
[BlackElo "2101"]
[PlyCount "96"]
[EventDate "2013.??.??"]
[WhiteTeam "Nürnberg Noris-Tarr. SC"]
[BlackTeam "Stein 1998 SC"]

1. d4 Nf6 2. Nc3 c5 3. d5 e5 4. e4 d6 5. Bg5 Be7 6. Qd2 a6 7. a4 O-O 8. Be2 Ng4
9. f4 exf4 10. Bxf4 Bh4+ 11. g3 Bf6 12. Nf3 Re8 13. O-O b6 14. Bd3 Ra7 15. Kg2
Rae7 16. h3 Ne5 17. g4 Nbd7 18. g5 Nxf3 19. Rxf3 Be5 20. h4 Bxf4 21. Rxf4 Ne5
22. Rh1 c4 23. Be2 Rb7 24. b3 b5 25. axb5 axb5 26. b4 Bd7 27. Bh5 Ra7 28. Qf2
Re7 29. Rf1 g6 30. Bd1 Ra3 31. Qd4 Be8 32. Rf6 Rea7 33. h5 R7a6 34. hxg6 Nxg6
35. Qd2 Qe7 36. Bg4 Qe5 37. R6f3 Nh4+ 38. Kh3 Nxf3 39. Rxf3 Ra1 40. Kg2 R1a3
41. Bf5 Ra7 42. Rh3 f6 43. Be6+ Kh8 44. gxf6 Qxf6 45. Bf5 Rg7+ 46. Kf2 Bd7 47.
Rf3 Bxf5 48. exf5 Qh4+ 0-1

[Event "Kreis-Mitte-EM"]
[Site "Zirndorf"]
[Date "2013.01.05"]
[Round "5.4"]
[White "Klein, Waldemar"]
[Black "Zeitler, Hans-Jürgen"]
[Result "1/2-1/2"]
[WhiteElo "1927"]
[BlackElo "1834"]
[PlyCount "69"]
[EventDate "2013.??.??"]
[WhiteTeam "Nürnberg Süd SW"]
[BlackTeam "Nürnberg 1911 SK"]

1. c4 f5 2. d3 Nf6 3. Bg5 e5 4. Nc3 Be7 5. e3 O-O 6. Qc2 c6 7. O-O-O d5 8. Bxf6
Bxf6 9. cxd5 cxd5 10. Qb3 Be6 11. Qxb7 Nd7 12. d4 exd4 13. exd4 Qa5 14. Qa6
Qxa6 15. Bxa6 Rab8 16. Nge2 Rb6 17. Bd3 Rfb8 18. Rd2 g6 19. Kb1 Bg5 20. Rc2
R8b7 21. a3 Rb3 22. Ka2 Bf6 23. Rd1 Nc5 24. f3 Bf7 25. Nc1 Bxd4 26. Nxb3 Nxb3
27. Nb5 Be5 28. Kxb3 d4+ 29. Ka4 a6 30. Nc7 Bb3+ 31. Ka5 Bxc2 32. Bxc2 Bxc7+
33. Ka4 Rxb2 34. Bb3+ Kf8 35. Rxd4 1/2-1/2

[Event "Kreis-Mitte-EM"]
[Site "Zirndorf"]
[Date "2013.01.05"]
[Round "5.5"]
[White "Siegl, Melina"]
[Black "Fiedler, Wolfgang"]
[Result "1/2-1/2"]
[WhiteElo "1740"]
[BlackElo "1902"]
[PlyCount "62"]
[EventDate "2013.??.??"]
[WhiteTeam "Nürnberg Süd SW"]
[BlackTeam "Zirndorf SK"]

1. e4 g6 2. d4 Bg7 3. c4 d6 4. Nf3 h6 5. h3 b6 6. Nc3 Bb7 7. Bf4 e6 8. Be2 Ne7
9. Qd2 Nd7 10. O-O a6 11. Rac1 g5 12. Bh2 O-O 13. Qe3 Ng6 14. e5 dxe5 15. dxe5
Qe7 16. Ne4 Bxe4 17. Qxe4 Qc5 18. Kh1 a5 19. a3 a4 20. Bd3 Ndxe5 21. Nxe5 Bxe5
22. f4 Bxf4 23. Bxf4 gxf4 24. Rxf4 Qe5 25. Rg4 Qxb2 26. Rf1 Kh8 27. Rxf7 Rxf7
28. Qxg6 Qf6 29. Qh5 Rg8 30. Bg6 Rxg6 31. Rxg6 Qf1+ 1/2-1/2

[Event "Kreis-Mitte-EM"]
[Site "Zirndorf"]
[Date "2013.01.05"]
[Round "5.6"]
[White "Lais, Thomas"]
[Black "Knab, Reinhard"]
[Result "0-1"]
[WhiteElo "1910"]
[BlackElo "1827"]
[PlyCount "58"]
[EventDate "2013.??.??"]
[WhiteTeam "Nürnberg Süd SW"]
[BlackTeam "Nürnberg Zabo Spvg"]

1. e4 a6 2. d4 b5 3. Nf3 Bb7 4. Bd3 e6 5. O-O c5 6. c3 c4 7. Bc2 Nf6 8. e5 Nd5
9. Nbd2 f5 10. exf6 Nxf6 11. Ng5 Be7 12. Bxh7 Qc7 13. h3 Nc6 14. Bg6+ Kf8 15.
Nde4 Nd8 16. Nxf6 Bxf6 17. Qg4 Bd5 18. Bf4 Qc6 19. Bc2 Ke7 20. Rfe1 Nf7 21.
Nxf7 Kxf7 22. Re3 Raf8 23. Qg6+ Ke7 24. Be5 Kd8 25. a4 Kc8 26. Qg3 Bh4 27. axb5
Bxg3 28. bxc6 Bxf2+ 29. Kh2 Bxe3 0-1

[Event "Kreis-Mitte-EM"]
[Site "Zirndorf"]
[Date "2013.01.05"]
[Round "5.7"]
[White "Mantel, Ruben"]
[Black "Nüßlein, Christian"]
[Result "1-0"]
[WhiteElo "1640"]
[BlackElo "1612"]
[PlyCount "59"]
[EventDate "2013.??.??"]
[WhiteTeam "Nürnberg Zabo Spvg"]
[BlackTeam "Nürnberg 1978 SGem"]

1. e4 Nf6 2. e5 Nd5 3. c4 Nb6 4. c5 Nd5 5. Bc4 e6 6. Nc3 Nxc3 7. dxc3 Bxc5 8.
Qg4 g6 9. Nf3 f5 10. exf6 Qxf6 11. Bg5 Qf5 12. Qg3 Bd6 13. Qh4 Qf7 14. O-O Nc6
15. Rae1 Be7 16. Re2 Bxg5 17. Nxg5 Qe7 18. Qg3 Nd8 19. Rfe1 c6 20. Bb3 O-O 21.
Bc2 Nf7 22. Nxh7 Nh8 23. Nxf8 Qxf8 24. Bxg6 Qg7 25. Bc2 Qxg3 26. fxg3 b5 27.
Rf2 a5 28. h4 Ba6 29. Re4 Nf7 30. Rg4+ 1-0

[Event "Kreis-Mitte-EM"]
[Site "Zirndorf"]
[Date "2013.01.05"]
[Round "5.8"]
[White "Süß, Stefan"]
[Black "Meulner, Fabian"]
[Result "0-1"]
[WhiteElo "1867"]
[BlackElo "1753"]
[PlyCount "58"]
[EventDate "2013.??.??"]
[WhiteTeam "Nürnberg Noris-Tarr. SC"]
[BlackTeam "Nürnberg Süd SW"]

1. e4 e5 2. Nf3 Nc6 3. Bb5 a6 4. Ba4 Nf6 5. O-O b5 6. Bb3 Bb7 7. d3 Be7 8. c3
O-O 9. Re1 d6 10. Nbd2 Na5 11. Bc2 c5 12. Nf1 Qc7 13. Ng3 Rfe8 14. Nf5 Bf8 15.
Bg5 Nd7 16. Rc1 Nc6 17. Bb3 Na5 18. Bc2 Nc6 19. N3h4 Nd8 20. Qg4 Kh8 21. Re3 f6
22. Bh6 Nb6 23. Rg3 Ne6 24. d4 cxd4 25. cxd4 Qf7 26. d5 gxh6 27. dxe6 Rxe6 28.
Nxh6 Bxh6 29. Bb3 d5 0-1

[Event "Kreis-Mitte-EM"]
[Site "Zirndorf"]
[Date "2013.01.05"]
[Round "5.9"]
[White "Leis, Stefan"]
[Black "Walch, Roger"]
[Result "1-0"]
[WhiteElo "1849"]
[BlackElo "1668"]
[PlyCount "51"]
[EventDate "2013.??.??"]
[WhiteTeam "Mühlhof-Rdf. SC"]
[BlackTeam "Nürnberg Süd SW"]

1. e4 e6 2. d4 d5 3. Nc3 Nf6 4. Bg5 Be7 5. e5 Nfd7 6. Bxe7 Qxe7 7. f4 c5 8. Nf3
cxd4 9. Nb5 Qc5 10. Nd6+ Ke7 11. Bd3 Nc6 12. O-O Nb4 13. f5 f6 14. fxe6 Nxe5
15. Nf5+ Kd8 16. Nxg7 Nexd3 17. cxd3 Rg8 18. Rc1 Qb6 19. e7+ Kxe7 20. Nh5 Bg4
21. Qe1+ Kd8 22. Nxf6 Qxf6 23. Qxb4 Bh3 24. Qa5+ Ke8 25. Rce1+ Kf8 26. Ng5 1-0

[Event "Kreis-Mitte-EM"]
[Site "Zirndorf"]
[Date "2013.01.05"]
[Round "5.10"]
[White "Berg, Winfried"]
[Black "Straschewski, Jörg"]
[Result "0-1"]
[WhiteElo "1614"]
[BlackElo "1832"]
[PlyCount "84"]
[EventDate "2013.??.??"]
[WhiteTeam "Nürnberg Süd SW"]
[BlackTeam "Cadolzburg TSV"]

1. c4 g6 2. Nc3 Bg7 3. g3 Nf6 4. Bg2 d6 5. d3 O-O 6. e3 e5 7. Nge2 c6 8. O-O
Be6 9. h3 Na6 10. a3 Qd7 11. Kh2 h5 12. Rg1 Rfd8 13. d4 Bxc4 14. dxe5 dxe5 15.
Qxd7 Rxd7 16. e4 Nc5 17. Be3 Ncxe4 18. Nxe4 Nxe4 19. Nc3 Nxc3 20. bxc3 Bd5 21.
Rad1 Rad8 22. Bxa7 Bxg2 23. Rxd7 Rxd7 24. Kxg2 Bf8 25. a4 b5 26. Bb8 bxa4 27.
Bxe5 Bg7 28. Bxg7 Kxg7 29. Ra1 Ra7 30. Kf3 Kf6 31. Ke4 a3 32. Ra2 Ra4+ 33. Kd3
Ke5 34. c4 Kd6 35. Kc3 Kc5 36. Kb3 Ra7 37. Kc3 h4 38. gxh4 Ra4 39. Kb3 Rxc4 40.
h5 Rh4 41. hxg6 Rxh3+ 42. Ka4 fxg6 0-1

[Event "Kreis-Mitte-EM"]
[Site "Zirndorf"]
[Date "2013.01.05"]
[Round "5.11"]
[White "Schanz, Karlheinz"]
[Black "Münzenberg, Dietrich"]
[Result "1-0"]
[WhiteElo "1721"]
[BlackElo "1588"]
[PlyCount "79"]
[EventDate "2013.??.??"]
[WhiteTeam "Mühlhof-Rdf. SC"]
[BlackTeam "Nürnberg Zabo Spvg"]

1. e4 c6 2. f4 e6 3. Nf3 d6 4. g3 b6 5. Bg2 Bb7 6. O-O Nd7 7. d3 g6 8. c3 Bg7
9. Re1 Ne7 10. Nbd2 O-O 11. Qc2 Rc8 12. Nf1 Qc7 13. Be3 a5 14. Rad1 b5 15. N1d2
c5 16. Bf2 e5 17. Be3 Nf6 18. Bh3 Rcd8 19. c4 b4 20. fxe5 dxe5 21. Nb3 Nd7 22.
Bxd7 Rxd7 23. Nxc5 Rdd8 24. Na4 f5 25. Bb6 Qc6 26. Bxd8 Rxd8 27. Nd2 Bh6 28. b3
fxe4 29. Nxe4 Nf5 30. Qf2 Rf8 31. Qc5 Qd7 32. Nb6 Qd4+ 33. Qxd4 Nxd4 34. Kg2
Nc2 35. Nd7 Nxe1+ 36. Rxe1 Bxe4+ 37. Rxe4 Rf5 38. Rxe5 Rxe5 39. Nxe5 Bg7 40.
Nc6 1-0

[Event "Kreis-Mitte-EM"]
[Site "Zirndorf"]
[Date "2013.01.05"]
[Round "5.12"]
[White "Babichev, Vyacheslav"]
[Black "Mantel, Hans"]
[Result "0-1"]
[WhiteElo "1682"]
[BlackElo "1376"]
[PlyCount "118"]
[EventDate "2013.??.??"]
[WhiteTeam "Nürnberg Süd SW"]
[BlackTeam "Nürnberg Zabo Spvg"]

1. b3 e5 2. Bb2 Nc6 3. e3 Bb4 4. Bb5 d6 5. a3 Ba5 6. b4 Bb6 7. a4 a6 8. Bxc6+
bxc6 9. a5 Ba7 10. f4 f6 11. Qf3 Bd7 12. Ne2 Rb8 13. Ba3 Ne7 14. fxe5 dxe5 15.
O-O O-O 16. Kh1 Rb5 17. c4 Rb8 18. Nbc3 Be6 19. c5 Qxd2 20. Rfd1 Qc2 21. e4
Rfd8 22. Rdc1 Qb3 23. Rcb1 Qc4 24. Rd1 Qb3 25. Rdb1 Qc2 26. Rb2 Qd3 27. Rd1 Qc4
28. Rbd2 Rxd2 29. Rxd2 f5 30. Qd3 Qb3 31. Nd5 Bxd5 32. exd5 Qxd3 33. Rxd3 Nxd5
34. Rf3 g6 35. Rf1 Nxb4 36. Rc1 Nd3 37. Rc3 Rb1+ 38. Nc1 Nxc1 39. Bxc1 Rb5 40.
h3 Rxc5 41. Rxc5 Bxc5 42. Bd2 Kf7 43. g3 Ke6 44. Kg2 e4 45. Bf4 Bd6 46. Be3 Kd5
47. g4 f4 48. Bd2 g5 49. Kf1 c5 50. Bc3 Kc4 51. Bf6 h6 52. Bg7 Be7 53. Bxh6 f3
54. Kf2 Kd3 55. h4 gxh4 56. g5 Bxg5 57. Bxg5 h3 58. Bf4 c6 59. Kg3 Ke2 0-1